Zmeny právnych predpisov pre odpadové hospodárstvo v SR

Odpady vznikajú pri každej činnosti, je potrebné poznať príslušné právne predpisy. Povinnosti podľa ústavy a základné zákony pre odpadové hospodárstvo. Program odpadového hospodárstva. Všeobecné podmienky nakladania s odpadmi. Vydávanie odborných posudkov. Poplatky za uloženie odpadov.

Gespeichert in:
Bibliographische Detailangaben
Format: Buchkapitel
Sprache:Slowakisch
Schlagworte:
Tags: Tag hinzufügen
Keine Tags, Fügen Sie das erste Tag hinzu!

MARC

LEADER 00000naa a2200000 4500
001 r030078
005 20230424130338.4
041 0 |a slo 
044 |a SK 
245 1 0 |a Zmeny právnych predpisov pre odpadové hospodárstvo v SR 
520 |a Odpady vznikajú pri každej činnosti, je potrebné poznať príslušné právne predpisy. Povinnosti podľa ústavy a základné zákony pre odpadové hospodárstvo. Program odpadového hospodárstva. Všeobecné podmienky nakladania s odpadmi. Vydávanie odborných posudkov. Poplatky za uloženie odpadov. 
610 2 0 |a hospodárstvo odpadové 
610 2 0 |a odpad 
610 2 0 |a zákony 
610 2 0 |a predpisy právne 
610 2 0 |a Slovensko